| 000 | 00476nam a22001817a 4500 | ||
|---|---|---|---|
| 003 | NUST | ||
| 005 | 20260325162646.0 | ||
| 008 | 260325b ||||| |||| 00| 0 eng d | ||
| 020 | _a978-0070648487 | ||
| 082 |
_a620.106 _b844 |
||
| 100 |
_aFrank M. White. _910449 |
||
| 245 |
_aFluid Mechanics / _cFrank M. White. |
||
| 250 | _a6th Edition | ||
| 260 |
_aIndia: _bTata McGraw-Hill Education, _c2008. |
||
| 300 |
_a793 p ; _c30.6 cm |
||
| 563 | _aPaperback | ||
| 942 |
_2ddc _cBK |
||
| 999 |
_c616718 _d616718 |
||